Statistics for English Football Clubs In Top 6 Divisions 2022-2023

Click here to take the quiz!

General Stats

  • This quiz has been taken 257 times
  • The average score is 88 of 164

Answer Stats

Answer% Correct
PremierChelsea
98%
PremierArsenal
96%
PremierBrighton & Hove Albion
96%
PremierLiverpool
96%
PremierManchester City
96%
PremierManchester United
96%
PremierTottenham Hotspur
96%
PremierLeicester City
95%
PremierWolverhampton Wanderers
95%
PremierEverton
94%
PremierNewcastle United
94%
PremierBournemouth
93%
PremierNottingham Forest
93%
PremierWest Ham United
93%
PremierAston Villa
92%
PremierFulham
92%
PremierSouthampton
92%
PremierBrentford
90%
PremierCrystal Palace
90%
EFL ChampionshipNorwich City
89%
EFL ChampionshipSunderland
89%
PremierLeeds United
88%
EFL ChampionshipSwansea City
88%
EFL ChampionshipBurnley
86%
EFL ChampionshipWatford
86%
EFL ChampionshipCardiff City
85%
EFL ChampionshipBirmingham City
84%
EFL ChampionshipSheffield United
84%
EFL League 1Derby County
83%
EFL League 1Oxford United
82%
EFL League 1Portsmouth
82%
EFL ChampionshipBlackburn Rovers
81%
EFL ChampionshipQueens Park Rangers
81%
EFL ChampionshipHull City
80%
EFL League 1Sheffield Wednesday
80%
EFL ChampionshipStoke City
80%
EFL League 1Ipswich Town
79%
EFL ChampionshipWest Bromwich Albion
79%
EFL ChampionshipBristol City
78%
EFL League 1Plymouth Argyle
78%
EFL ChampionshipBlackpool
77%
EFL ChampionshipMiddlesbrough
77%
EFL League 2AFC Wimbledon
76%
EFL ChampionshipHuddersfield Town
76%
EFL League 1Bolton Wanderers
75%
EFL ChampionshipCoventry City
75%
EFL League 1Cambridge United
74%
EFL ChampionshipWigan Athletic
74%
EFL ChampionshipLuton Town
72%
EFL ChampionshipReading
72%
EFL League 1Milton Keynes Dons
71%
EFL League 1Exeter City
70%
EFL ChampionshipMillwall
70%
National LeagueWrexham
70%
EFL ChampionshipPreston North End
69%
EFL League 1Barnsley
68%
EFL League 2Northampton Town
68%
National LeagueYork City
68%
EFL League 2Bradford City
66%
EFL League 1Bristol Rovers
66%
EFL ChampionshipRotherham United
65%
EFL League 1Charlton Athletic
63%
EFL League 1Lincoln City
63%
EFL League 2Carlisle United
62%
NL NorthChester
62%
EFL League 2Doncaster Rovers
62%
EFL League 1Peterborough United
62%
National LeagueOldham Athletic
60%
EFL League 1Accrington Stanley
59%
EFL League 2Gillingham
58%
National LeagueNotts County
58%
EFL League 2Newport County
57%
EFL League 2Salford City
57%
EFL League 2Colchester United
56%
EFL League 1Forest Green Rovers
56%
EFL League 2Grimsby Town
56%
EFL League 2Swindon Town
56%
EFL League 1Wycombe Wanderers
55%
EFL League 2Leyton Orient
53%
EFL League 2Hartlepool United
52%
EFL League 1Port Vale
52%
EFL League 2Stockport County
52%
NL SouthDover Athletic
51%
EFL League 2Rochdale
51%
EFL League 1Burton Albion
50%
EFL League 1Cheltenham Town
50%
EFL League 1Fleetwood Town
50%
National LeagueYeovil Town
50%
NL SouthBath City
48%
National LeagueChesterfield
48%
EFL League 2Crewe Alexandra
48%
EFL League 1Morecambe
48%
EFL League 2Tranmere Rovers
48%
EFL League 2Walsall
48%
EFL League 2Sutton United
47%
EFL League 2Crawley Town
46%
EFL League 1Shrewsbury Town
46%
NL NorthHereford
45%
EFL League 2Mansfield Town
45%
National LeagueScunthorpe United
45%
NL NorthGloucester City
44%
National LeagueSouthend United
43%
National LeagueTorquay United
43%
National LeagueGateshead
42%
EFL League 2Stevenage
42%
National LeagueDagenham & Redbridge
41%
National LeagueAldershot Town
39%
National LeagueBarnet
39%
National LeagueHalifax Town
39%
EFL League 2Barrow
38%
National LeagueWoking
38%
National LeagueAltrincham
37%
EFL League 2Harrogate Town
37%
NL NorthKidderminster Harriers
37%
NL NorthDarlington
36%
National LeagueBromley
34%
NL SouthChelmsford City
32%
National LeagueDorking Wanderers
31%
National LeagueMaidenhead United
31%
National LeagueMaidstone United
31%
NL NorthBoston United
30%
NL SouthEastbourne Borough
30%
NL NorthKing's Lynn Town
30%
NL SouthSlough Town
30%
National LeagueSolihull Moors
30%
NL NorthSouthport
29%
National LeagueEastleigh
28%
NL NorthKettering Town
28%
NL SouthSt Albans City
28%
NL SouthWorthing
28%
NL SouthDartford
27%
NL SouthDulwich Hamlet
27%
NL NorthScarborough Athletic
27%
NL SouthEbbsfleet United
26%
NL NorthAFC Telford United
24%
National LeagueBoreham Wood
24%
NL SouthWeymouth
24%
NL NorthBlyth Spartans
23%
NL NorthChorley
23%
NL NorthCurzon Ashton
23%
NL NorthFylde
23%
National LeagueWealdstone
23%
NL NorthBradford (Park Avenue)
22%
NL NorthAlfreton Town
21%
NL SouthChippenham Town
21%
NL SouthConcord Rangers
21%
NL SouthOxford City
21%
NL SouthTaunton Town
21%
NL SouthWelling United
21%
NL SouthHampton & Richmond Borough
20%
NL SouthBraintree Town
19%
NL NorthSpennymoor Town
19%
NL SouthHavant & Waterlooville
18%
NL SouthHemel Hempstead Town
18%
NL NorthBanbury United
17%
NL SouthFarnborough
17%
NL NorthLeamington
17%
NL NorthPeterborough Sports
17%
NL NorthBrackley Town
16%
NL NorthFarsley Celtic
16%
NL SouthTonbridge Angels
14%
NL NorthBuxton
12%
NL SouthHungerford Town
12%
NL SouthCheshunt
11%

Score Distribution

Percentile by Number Answered

Percent of People with Each Score

Your Score History

You have not taken this quiz